000 01394nam0a22003131 4500
001 rc\2565967
005 20250623110541.0
035 _a(NLR Aleph) 006730788
090 _a5541727
_c5541727
100 _a20110914d1927 |||y0rusy50 ca
101 0 _arus
102 _aRU
105 _ac z |||||
200 1 _aАлександр Федорович Гедике..
_fВас. Яковлев
_gDeutsch von Bruno Prochaska
210 _aМосква
_cМузыкальный сектор
_cГос. изд-во
_d1927
_gнотопечатня ГИЗа
215 _a35 с.
_cпортр.
_d18х14 см.
225 1 _aБиографии современных русских композиторов...
300 _aЗагл. обл.: А. Гедике...
300 _aОбложка: I. R. [И. Рерберг]
300 _aТит. лист, обложка и текст параллельные - на рус. и нем. яз.
320 _aНотография: "Сочинения А. Ф. Гедике" (на 4 страницах)
512 0 _aА. Гедике...
700 1 _7ca
_8rus
_aЯковлев
_bВ. В.
_cд-р искусствоведения, музыковед
_f1880-1957
_gВасилий Васильевич
_9219688
_3RU\NLR\AUTH\770219744
801 0 _aRU
_bNLR
_gpsbo
801 1 _aRU
_bELAR
_2rusmarc
852 _aNLR
_j62/266
942 _cBOOK
980 _aNB